Slovenská marketingová spoločnosť

Vznik Slovenskej marketingovej spoločnosti, jej činnosť a ciele. Členstvo a orgány SMS. Poslanie Slovenskej marketingovej spoločnosti.

Saved in:
Bibliographic Details
Main Author: Hasprová, Mária, 1970-
Format: Book Chapter
Language:Slovak
Subjects:
Tags: Add Tag
No Tags, Be the first to tag this record!

MARC

LEADER 00000naa a2200000 4500
001 r048688
005 20230907084651.1
041 0 |a slo 
044 |a SK 
245 1 0 |a Slovenská marketingová spoločnosť  |c Mária Hasprová 
520 |a Vznik Slovenskej marketingovej spoločnosti, jej činnosť a ciele. Členstvo a orgány SMS. Poslanie Slovenskej marketingovej spoločnosti. 
610 2 0 |a marketing 
610 2 0 |a organizácie neziskové 
610 2 0 |a časopisy 
610 2 0 |a Slovenská marketingová spoločnosť Bratislava 
610 2 0 |a Ekonomická univerzita v Bratislave 
100 1 |a Hasprová, Mária, 1970-